Umbria / (Record no. 147459)

MARC details
000 -LEADER
campo de control de longitud fija 00992nam a2200289 i 4500
001 - NÚMERO DE CONTROL
campo de control 147459
003 - IDENTIFICADOR DE NÚMERO DE CONTROL
campo de control ES-MaACL
005 - FECHA Y HORA DE LA ÚLTIMA TRANSACCIÓN
campo de control 20251001175247.0
007 - CAMPO FIJO DE DESCRIPCIÓN FÍSICA--INFORMACIÓN GENERAL
campo de control de longitud fija t|
008 - DATOS DE LONGITUD FIJA--INFORMACIÓN GENERAL
campo de control de longitud fija 071001s1980 sp ||||1| spa d
080 ## - NÚMERO DE LA CLASIFICACIÓN DECIMAL UNIVERSAL
Número de la Clasificación Decimal Universal 7.033.4(450.55)
245 00 - MENCIÓN DEL TÍTULO
Título Umbria /
Mención de responsabilidad, etc. [texto de Adriano Prandi, Sandro Chierici, Giulia Tamanti ; fotografía de Zodiaque ; traducción Armanda Rodríguez Fierro, Pedro Gómez-Cantolla.
250 ## - MENCION DE EDICION
Mención de edición [1ª ed.].
260 ## - PUBLICACIÓN, DISTRIBUCIÓN, ETC.
Lugar de publicación, distribución, etc. [Madrid :
Nombre del editor, distribuidor, etc. Encuentro,
Fecha de publicación, distribución, etc. 1980]
300 ## - DESCRIPCIÓN FÍSICA
Extensión 391 p. con 67 lám. neg. y col. :
Otras características físicas il. ;
Dimensiones 23 cm.
490 1# - MENCIÓN DE SERIE
Mención de serie Europa Románica
650 14 - PUNTO DE ACCESO ADICIONAL DE MATERIA--TÉRMINO DE MATERIA
Término de materia o nombre geográfico como elemento de entrada Arte romático-
Subdivisión geográfica Umbria.
9 (RLIN) 10319
700 1# - ENTRADA AGREGADA--NOMBRE PERSONAL
Nombre de persona Prandi, Adriano.
9 (RLIN) 93652
700 1# - ENTRADA AGREGADA--NOMBRE PERSONAL
Nombre de persona Chierici, Sandro.
9 (RLIN) 38505
700 1# - ENTRADA AGREGADA--NOMBRE PERSONAL
Nombre de persona Tamanti, Giulia.
9 (RLIN) 109141
700 0# - ENTRADA AGREGADA--NOMBRE PERSONAL
Nombre de persona Zodiaque
9 (RLIN) 118322
700 1# - ENTRADA AGREGADA--NOMBRE PERSONAL
Nombre de persona Rodríguez Fierro, Armanda.
9 (RLIN) 98522
700 1# - ENTRADA AGREGADA--NOMBRE PERSONAL
Nombre de persona Gómez-Cantolla, Pedro.
9 (RLIN) 57857
830 0# - PUNTO DE ACCESO ADICIONAL DE SERIE-TÍTULO UNIFORME
Título uniforme Europa Románica
9 (RLIN) 178589
852 ## - LOCALIZACIÓN
Ubicación ES-MaACL
Número de control de estantería G-4330
Sublocalización o colección R.100334
Holdings
Estatus retirado Estado de pérdida Estado de daño No para préstamo Biblioteca de origen Biblioteca actual Ubicación en estantería Fecha de adquisición Fuente de adquisición Total de préstamos Signatura topográfica completa Código de barras Visto por última vez Precio de reemplazo Tipo de ítem Koha
        Biblioteca del Ateneo de Madrid Biblioteca del Ateneo de Madrid Depósito 2 17/01/2008     G-4330 1153884 23/02/2023 23/02/2023 Libro impreso